Current World Presidents (2018) - Statistics

General Stats
  • This quiz has been taken 37 times
  • The average score is 4 of 18
Answer Stats
Hint Answer % Correct
United States of America Donald Trump
91%
Russian Federation Vladimir Putin
79%
French Republic Emmanuel Macron
71%
People's Republic of China Xi Jinping
50%
Bolivarian Republic of Venezuela Nicolás Maduro
21%
Syrian Arab Republic Bashar al-Assad
12%
United Mexican States (Mexico) Enrique Peña Nieto
12%
Republic of the Philippines Rodrigo Duterte
12%
Republic of Poland Andrzej Duda
6%
Republic of South Africa Cyril Ramaphosa
6%
Republic of Ireland Michael D. Higgins
6%
Republic of Turkey Recep Tayyip Erdoğan
6%
Republic of Nicaragua Daniel Ortega
3%
Federative Republic of Brazil Michel Temer
3%
Portuguese Republic Marcelo Rebelo de Sousa
0%
Hellenic Republic (Greece) Prokopis Pavlopoulos
0%
Republic of India Ram Nath Kovind
0%
Italian Republic Sergio Mattarella
0%
No matching quizzes found
Score Distribution
Percent of People with Each Score
Percentile by Number Answered
Your Score History
You have not taken this quiz